000 00321nam a2200133Ia 4500
005 20251222143215.0
008 251222s9999||||xx |||||||||||||| ||spa||
020 _a84-294-5447-0
082 _a425.01/L93
100 _aLowea, Ricky
245 0 _aHelping Students To Learn
264 _bRichmond Publishing
942 _cLIB
999 _c13612
_d13612